| 000 | 02695cam a2200361 i 4500 | ||
|---|---|---|---|
| 001 | 17984339 | ||
| 003 | EG-ScBUE | ||
| 005 | 20260511115111.0 | ||
| 008 | 131226t2014 oncad f b 001 0 eng d | ||
| 020 | _a9781771880190 | ||
| 040 |
_aDLC _beng _erda _cDLC _dEG-ScBUE |
||
| 082 | 0 | 4 |
_222 _a570.285 _bBIO |
| 245 | 0 | 0 |
_aBioinformatics : _bthe impact of accurate quantification on proteomic and genetic analysis and research / _cedited by Yu Liu, Ph.D. |
| 264 | 1 |
_aOakvill, Ontario ; _aWaretown : _bApple Academic Press, _c[2014] |
|
| 264 | 4 | _cc2014 | |
| 300 |
_axxv, 384 pages : _billustrations ; _c24 cm |
||
| 336 |
_2rdacontent _atext _btxt |
||
| 337 |
_2rdamedia _aunmediated _bn |
||
| 338 |
_2rdacarrier _avolume _bnc |
||
| 504 | _aIncludes bibliographical references and index. | ||
| 505 | _aIntroduction; Part I: RNA-Seq; Chapter 1: The Bench Scientist's Guide to Statistical Analysis of RNA-Seq Data; Chapter 2: Assembly of Non-Unique Insertion Content Using Next-Generation Sequencing; Chapter 3: RSEM: Accurate Transcript Quantification from RNA-Seq Data With or Without a Reference Genome; Part II: Microarray; Chapter 4: A Regression System for Estimation of Errors Introduced by Confocal Imaging into Gene Expression Data in Situ. Chapter 5: SPACE: An Algorithm to Predict and Quantify Alternatively Spliced Isoforms Using MicroarraysChapter 6: Link-Based Quantitative Methods to Identify Differentially Coexpressed Genes and Gene Pairs; Chapter 7: Dimension Reduction with Gene Expression Data Using Targeted Variable Importance Measurement; Part III: GWAS; Chapter 8: Genome-Wide Association Study of Stevens-Johnson Syndrome and Toxic Epidermal Necrolysis in Europe; Chapter 9: Genotyping Common and Rare Variation Using Overlapping Pool Sequencing. Chapter 10: Learning Genetic Epistasis Using Bayesian Network Scoring CriteriaChapter 11: Combined Analysis of Three Genome-Wide Association Studies on vWF and FVIII Plasma Levels; Part IV: Proteomics; Chapter 12: Statistical Methods for Quantitative Mass Spectrometry Proteomic Experiments with Labeling; Chapter 13: MRCQuant: An Accurate LC-MS Relative Isotopic Quantification Algorithm on TOF Instruments; Author Notes. | ||
| 650 | 7 |
_2BUEsh _939275 _aBioinformatics _xStatistical methods. |
|
| 650 | 7 |
_2BUEsh _912933 _aComputational biology _xmethods. |
|
| 650 | 7 |
_2BUEsh _939276 _aSequence Analysis, RNA. |
|
| 650 | 7 |
_939277 _aData Interpretation, Statistical. _2BUEsh |
|
| 650 | 7 |
_939278 _aMicroarray Analysis _2BUEsh |
|
| 650 | 7 |
_939279 _aProteome _xanalysis. _2BUEsh |
|
| 651 | _2BUEsh | ||
| 653 |
_bPPhrm _cFebruary2016 |
||
| 655 | _vReading book | ||
| 700 | 1 |
_939280 _aLiu, Yu _d1963- _eeditor. |
|
| 942 |
_2ddc _cBB |
||
| 999 |
_c20025 _d19997 |
||